Statistics for Capitals of Countries that Start with "K"

Click here to take the quiz!

General Stats

  • This quiz has been taken 7 times
  • The average score is 4 of 5

Answer Stats

CountryCapital% Correct
KazakhstanAstana
100%
KuwaitKuwait
86%
KenyaNairobi
86%
KyrgyzstanBishkek
57%
KiribatiSouth Tarawa / Tarawa
43%

Score Distribution

Percentile by Number Answered

Percent of People with Each Score

Your Score History

You have not taken this quiz